Indovina il paese dall'emoji della bandiera - Statistics

Statistiche generali
  • Questo quiz è stato fatto 185 volte
  • Il punteggio medio è 17 su 30
Statistiche sulle risposte
Emoji Paese % Corretto
🇮🇹 Italia
99%
🇦🇷 Argentina
96%
🇪🇸 Spagna
92%
🇯🇵 Giappone
83%
🇨🇳 Cina
80%
🇺🇾 Uruguay
75%
🇩🇰 Danimarca
74%
🇺🇬 Uganda
74%
🇭🇺 Ungheria
69%
🇨🇺 Cuba
64%
🇵🇭 Filippine
62%
🇬🇪 Georgia
61%
🇮🇷 Iran
61%
🇲🇩 Moldavia
60%
🇾🇪 Yemen
60%
🇹🇼 Taiwan
56%
🇨🇬 Repubblica del Congo
55%
🇻🇦 Città del Vaticano
53%
🇲🇳 Mongolia
49%
🇱🇮 Liechtenstein
45%
🇱🇰 Sri Lanka
45%
🇪🇷 Eritrea
43%
🇸🇩 Sudan
40%
🇳🇦 Namibia
35%
🇰🇬 Kirghizistan
34%
🇱🇸 Lesotho
33%
🇵🇼 Palau
30%
🇹🇱 Timor Est
26%
🇸🇧 Isole Salomone
25%
🇰🇳 Saint Kitts e Nevis
22%
Nessun quiz corrispondente trovato
Distribuzione punteggi
Percentuale di utenti per punteggio
Percentile per numero di risposta
I tuoi punteggi nel tempo
Non hai fatto questo quiz